Home Print Resources E-Books E-Journals IIMT Lecture Series Library Membership Form Book Recommendation Form Campus Tour Take AdmissionAbout Us Contact Us

Johnson-s Mother & Baby (Record no. 7279)

000 -LEADER
fixed length control field 00346nam a2200157Ia 4500
003 - CONTROL NUMBER IDENTIFIER
control field OSt
005 - DATE AND TIME OF LATEST TRANSACTION
control field 20240307114306.0
008 - FIXED-LENGTH DATA ELEMENTS--GENERAL INFORMATION
fixed length control field 170524s9999 xx 000 0 und d
020 ## - INTERNATIONAL STANDARD BOOK NUMBER
International Standard Book Number 978-1405314695
040 ## - CATALOGING SOURCE
Transcribing agency IIMTU MEERUT
100 ## - MAIN ENTRY--PERSONAL NAME
Personal name Cooper-Carol
245 #0 - TITLE STATEMENT
Title Johnson-s Mother & Baby
260 ## - PUBLICATION, DISTRIBUTION, ETC.
Name of publisher, distributor, etc. D.K.
260 ## - PUBLICATION, DISTRIBUTION, ETC.
Date of publication, distribution, etc. 2003
942 ## - ADDED ENTRY ELEMENTS (KOHA)
Source of classification or shelving scheme
Koha item type Book Bank
Holdings
Withdrawn status Lost status Source of classification or shelving scheme Damaged status Not for loan Home library Current library Date acquired Coded location qualifier Barcode Date last seen Uniform Resource Identifier Price effective from Koha item type Public note Total Checkouts Date last checked out Full call number
          IIMT University Central Library Meerut IIMT University Central Library Meerut 05/31/2017 Department 01-B-77200 05/31/2017 hotel management 05/31/2017 Book Bank / Loan Books Central Library to Hotel Management Departmental Library      
          IIMT University Central Library Meerut IIMT University Central Library Meerut 05/31/2017   01-B-77201 12/26/2018 hotel management 05/31/2017 Book Bank   3 10/27/2018  
          IIMT University Central Library Meerut IIMT University Central Library Meerut 05/31/2017   01-B-77202 05/31/2017 hotel management 05/31/2017 Reference Book       R
          IIMT University Central Library Meerut IIMT University Central Library Meerut 05/31/2017   01-B-77203 02/21/2018 hotel management 05/31/2017 Book Bank   1 02/12/2018  
          IIMT University Central Library Meerut IIMT University Central Library Meerut 05/31/2017   01-B-77204 01/14/2019 hotel management 05/31/2017 Book Bank   2 11/02/2018  
IIMT, Central Library. All Rights Reserved IIMT,UNIVERSITY © 2023
Implemented and Customised by I CLOUDE EMS
You Are OPAC Visitor No
free web counter

Powered by Koha